000 00328nam a2200157Ia 4500
003 SGT
005 20260530143023.0
082 _a615
_bB12K
100 _aKAR, ASHUTOSH
245 _aBASIC PHARMACOLOGY FOR NURSES
250 _a1ST
260 _bAHUJA
_aDELHI
_c2012
300 _a440
650 _aPHARMACOLOGY
942 _2ddc
_cBK
999 _c2210
_d2210